MARC

LEADER 00000nam0a2200000 4500
001 369375
005 20231102012157.0
035 |a (RuTPU)RU\TPU\retro\26757 
090 |a 369375 
100 |a 20220520d1979 km y0rusy50 ca 
101 0 |a rus 
102 |a MD 
105 |a a z 001zy 
200 1 |a Конфигурации в алгебраических сетях  |f В. Д. Белоусов  |g Академия наук Молдавской ССР, Институт математики с вычислительным центром 
210 |a Кишинев  |c Штиинца  |d 1979 
215 |a 144 с.  |c ил. 
320 |a Библиогр.: с. 141-142 
606 1 |a Алгебраические сети  |x (общая геометрия)  |2 stltpush  |3 (RuTPU)RU\TPU\subj\1742  |9 30442 
610 1 |a конфигурации 
610 1 |a замыкания 
610 1 |a дифференциальная геометрия 
610 1 |a комбинаторные схемы 
610 1 |a квазигруппы 
610 1 |a функциональные уравнения 
675 |a 514.14  |v 4 
700 1 |a Белоусов  |b В. Д.  |g Валентин Данилович 
712 0 2 |a Академия наук Молдавской ССР  |b Институт математики с вычислительным центром  |2 stltpush  |3 (RuTPU)RU\TPU\col\15145  |9 26090 
801 1 |a RU  |b 63413507  |c 20220520 
801 2 |a RU  |b 63413507  |c 20220520  |g RCR 
942 |c BK